Missing Word: Top Grossing Movies (2016) Quiz Stats

 Plays Quiz Updated Feb 14, 2018

Challenge
Share
Tweet
Embed
Score 0/20 Timer 02:00
2 Plays Today
Movie Missing Word % Correct
The Jungle ____Book
97.3%
_______ DoryFinding
96.4%
The Secret ____ of PetsLife
96.1%
Kung Fu _____ 3Panda
96%
La La ____Land
93.5%
Now ___ See Me 2You
93.1%
Suicide _____Squad
89.4%
Rogue ___: A Star Wars StoryOne
86%
The Angry _____ MovieBirds
83.4%
Fantastic ______ and Where to Find ThemBeasts
83.3%
Movie Missing Word % Correct
_____ BourneJason
81.7%
Captain America: _____ WarCivil
78.8%
____________ Day: ResurgenceIndependence
76.2%
Doctor _______Strange
67.3%
Batman v Superman: ____ of JusticeDawn
63.3%
Ice Age: _________ CourseCollision
47.4%
X-Men: __________Apocalypse
37.6%
Star Trek ______Beyond
25.7%
The Legend of ______Tarzan
21.5%
Your ____.Name
13.9%

Today's Daily Dose

Word Ladder
Holy Grail

Get the Picture
Four Daisys

You're not logged in!

Compare scores with friends on all Sporcle quizzes.
OR
Log In

You Might Also Like...

Show Comments

Extras

Top Quizzes Today


Score Distribution

Your Account Isn't Verified!

In order to create a playlist on Sporcle, you need to verify the email address you used during registration. Go to your Sporcle Settings to finish the process.

Report this User

Report this user for behavior that violates our Community Guidelines.

Details: